POLICY BASED GOVERNANCE OF VIRTUAL ORGANIZATIONS IN THE CONTEXT OF SERVICE ORIENTED ARCHITECTURE / (Record no. 524899)

000 -LEADER
fixed length control field 00516nam a22001577a 4500
003 - CONTROL NUMBER IDENTIFIER
control field NUST
038 ## - RECORD CONTENT LICENSOR
Staff Name Mr. Zahoor
082 ## - DEWEY DECIMAL CLASSIFICATION NUMBER
Classification number 005.1
100 ## - MAIN ENTRY--PERSONAL NAME
Personal name Muhammae Murad Haider
9 (RLIN) 15699
245 ## - TITLE STATEMENT
Title POLICY BASED GOVERNANCE OF VIRTUAL ORGANIZATIONS IN THE CONTEXT OF SERVICE ORIENTED ARCHITECTURE /
Statement of responsibility, etc. Muhammae Murad Haider
260 ## - PUBLICATION, DISTRIBUTION, ETC.
Place of publication, distribution, etc. Islamabad :
Name of publisher, distributor, etc. MCS - NUST,
Date of publication, distribution, etc. 2012.
300 ## - PHYSICAL DESCRIPTION
Extent viii, 74 p. : ill. ;
Dimensions 30 cm.
500 ## - GENERAL NOTE
General note Hardcover.
600 ## - SUBJECT ADDED ENTRY--PERSONAL NAME
Personal name Computer Software Engineering - MS Thesis
9 (RLIN) 15681
942 ## - ADDED ENTRY ELEMENTS (KOHA)
Source of classification or shelving scheme
Koha item type Thesis
Holdings
Withdrawn status Lost status Source of classification or shelving scheme Damaged status Not for loan Permanent Location Current Location Shelving location Date acquired Total Checkouts Full call number Barcode Date last seen Price effective from Koha item type
          Central Library (CL) Central Library (CL) Thesis 06/27/2019   005.1 CL-T-1816 06/27/2019 06/27/2019 Thesis
© 2023 Central Library, National University of Sciences and Technology. All Rights Reserved.